000 00492nam a2200205Ia 4500
005 20250425162705.0
008 250425s9999 xx 000 0 und d
020 _a090163686X
041 _aeng
082 _a800
100 _aLANNON, TOM
245 0 _aTHE STORY OF HOWIETOUN
250 _aS.E
260 _aEstados Unidos
_bINSTITUTE OF AQUACULTURE, UNIVERSITY OF STIRLING
_c1989
260 _aNEW YORK
300 _a56
650 _aLITERATURA
942 _c01
010 _a96950
999 _c234433
_d234433